[Event "29th Politiken Cup"]
[Site "Copenhagen DEN"]
[Date "2007.07.25"]
[Round "6"]
[White "Petersen,PB"]
[Black "Arvola,B"]
[Result "0-1"]
[WhiteElo "2176"]
[BlackElo "2022"]

1.e4 c5 2.Nf3 Nc6 3.Nc3 g6 4.Bc4 Bg7 5.O-O e6 6.d3 Nge7 7.a4 O-O 8.h3 Nd4
9.Bg5 h6 10.Bh4 f5 11.Nxd4 cxd4 12.Nb5 g5 13.Bg3 f4 14.Bh2 d5 15.Bb3 a6 16.Na3 Kh7
17.Qf3 b6 18.Rfe1 Bb7 19.exd5 e5 20.Qe2 Nxd5 21.Nc4 Re8 22.Qe4+ Kh8 23.Qg6 Ne7
24.Qxb6 Qxb6 25.Nxb6 Rad8 26.Nc4 Nf5 27.Nd2 Nd6 28.g4 e4 29.dxe4 Nxe4 30.Nxe4 Bxe4
31.Bf7 Re5 32.Re2 Bb7 33.Rae1 Rxe2 34.Rxe2 d3 35.cxd3 Rxd3 36.f3 Bd4+ 37.Kf1 Bxf3
38.Bg1 Rd1+ 39.Re1 Rxe1+ 40.Kxe1 Bxg1  0-1

[Event "Open NK"]
[Site "Dieren NED"]
[Date "2007.07.25"]
[Round "2"]
[White "Schenkeveld,Di"]
[Black "Khairallah,F"]
[Result "0-1"]
[WhiteElo "2060"]
[BlackElo "2323"]

1.e4 c5 2.Nc3 Nc6 3.Bb5 Na5 4.f4 a6 5.Be2 e6 6.Nf3 d5 7.e5 Nh6 8.O-O Nc6
9.a4 Be7 10.Kh1 b6 11.d3 Bb7 12.Qe1 Nb4 13.Bd1 d4 14.Ne4 Nd5 15.c4 Nb4 16.Ra3 a5
17.Nfg5 Qd7 18.Bd2 O-O-O 19.Bxb4 cxb4 20.Ra1 f6 21.Nf3 Kb8 22.Rc1 Rc8 23.Bb3 Nf5
24.c5 Ne3 25.Bxe6 Qxe6 26.Nxd4 Qd5 27.Qxe3 Bxc5 28.Rxc5 bxc5 29.Nf5 Rc7 30.Nfd6 f5
31.Nxf5 c4 32.Nfd6 Qxd3 33.Qxd3 cxd3 34.Nxb7 Kxb7 35.g4 Rd8 36.Rd1 d2 37.Kg2 Rc1
38.Nf2 Rd4 39.e6 Rxd1 40.Nxd1 Rxf4 41.e7  0-1

[Event "Open NK"]
[Site "Dieren NED"]
[Date "2007.07.25"]
[Round "2"]
[White "Otte,Mari"]
[Black "Roy Chowdhury,S"]
[Result "1/2-1/2"]
[WhiteElo "2134"]
[BlackElo "2420"]

1.e4 c5 2.Nf3 Nc6 3.Nc3 e5 4.Bc4 d6 5.d3 Be7 6.Nd2 Nf6 7.Nf1 Bg4 8.f3 Be6
9.Ne3 O-O 10.O-O Rb8 11.a4 Nb4 12.Qe2 Re8 13.Bb5 Nd7 14.Ncd5 a6 15.Bc4 Nc6
16.c3 Bf8 17.g3 Nb6 18.Bb3 Ne7 19.Nxe7+ Qxe7 20.Bxe6 Qxe6 21.a5 Nd7 22.Qg2 Rbc8  1/2-1/2

[Event "33rd Open"]
[Site "Sitges ESP"]
[Date "2007.07.25"]
[Round "8"]
[White "Cuartas,Jo"]
[Black "Corrales Jimenez,F"]
[Result "0-1"]
[WhiteElo "2236"]
[BlackElo "2499"]

1.e4 c5 2.Nf3 Nc6 3.Nc3 g6 4.d4 cxd4 5.Nxd4 Bg7 6.Be3 Nf6 7.Bc4 d6 8.f3 Qb6
9.Nf5 Qxb2 10.Nxg7+ Kf8 11.Bd2 Kxg7 12.O-O Qa3 13.Kh1 Qc5 14.Bb3 Be6 15.Rb1 Bxb3
16.cxb3 Rhc8 17.f4 Kg8 18.Qf3 Qh5 19.Qe3 Qc5 20.Qf3 Nd4 21.Qd3 Ne6 22.Qe2 Qh5
23.Qxh5 Nxh5 24.Nd5 Kf8 25.g4 Nf6 26.Nxf6 exf6 27.Bb4 Nc5 28.Rbe1 Re8 29.e5 fxe5
30.fxe5 Rad8 31.exd6 Rxe1 32.Bxe1 Rxd6 33.Bb4 Rd5 34.Re1 b6 35.Re2 h5 36.gxh5 Rxh5
37.Kg2 Rd5 38.Kf3 f6 39.Re6 Kf7 40.Rc6 Ne6 41.Rc8 g5 42.Bc3 f5 43.Ke3 g4
44.Rh8 Ng5 45.Kf4 Ne6+ 46.Ke3 Rc5 47.Kd2 Ng5 48.Bb4 Rb5 49.Kc3 a6 50.Bf8 Ne6
51.Ba3 Re5 52.Kd2 f4 53.Bb2 Rd5+ 54.Ke2 f3+ 55.Ke3 Rf5 56.Kf2 Rc5 57.Rh7+ Kg6
58.Re7 Rc2+ 59.Kg3 Rg2+ 60.Kh4 Rxb2 61.Rxe6+ Kf5  0-1

[Event "MTO"]
[Site "Biel SUI"]
[Date "2007.07.26"]
[Round "4"]
[White "Tyukhanov,A"]
[Black "Raetsky,A"]
[Result "1-0"]
[WhiteElo "2083"]
[BlackElo "2423"]

1.e4 c5 2.Nf3 Nc6 3.Nc3 e6 4.Bb5 Nge7 5.O-O a6 6.Bxc6 Nxc6 7.d4 cxd4 8.Nxd4 Qc7
9.Be3 b5 10.Nxc6 Qxc6 11.Qd4 Bb7 12.Rad1 f6 13.Rd2 b4 14.Ne2 e5 15.Qd3 Rd8
16.Ng3 g6 17.f4 exf4 18.Rxf4 Be7 19.Bd4 O-O 20.Rdf2 Qe6 21.c4 Rf7 22.e5 f5
23.Re2 d5 24.c5 Rc8 25.Rc2 Bf8 26.Rff2 Rfc7 27.Qe3 a5 28.Ne2 Qe7 29.g4 fxg4
30.e6 Rxc5 31.Rxc5 Rxc5 32.Rxf8+ Qxf8 33.Qe5  1-0

[Event "MTO"]
[Site "Biel SUI"]
[Date "2007.07.26"]
[Round "4"]
[White "Al Modiahki,M"]
[Black "Hausrath,D"]
[Result "1/2-1/2"]
[WhiteElo "2563"]
[BlackElo "2494"]

1.e4 c5 2.Nc3 Nc6 3.Nf3 Nf6 4.Bb5 Qc7 5.O-O Nd4 6.Ba4 e5 7.d3 Be7 8.Bg5 O-O
9.Nxd4 cxd4 10.Bxf6 Bxf6 11.Nd5 Qd8 12.f4 exf4 13.Qh5 d6 14.Bb3 g6 15.Qf3 Be5
16.Nxf4 Qe7 17.Nd5 Qd8 18.Rf2 Be6 19.Raf1 Kg7 20.Nf4 Qe7 21.Nxe6+ fxe6 22.Qxf8+ Rxf8
23.Rxf8 Qxf8 24.Rxf8 Kxf8 25.Bxe6 b5 26.Kf2 b4 27.g3 Ke7 28.Bb3 h5 29.h3 Bg7
30.Kf3 Bh6 31.Ba4 Bc1 32.b3 Bd2 33.Bc6 Kf6 34.Be8 Be1 35.Kg2 h4 36.gxh4  1/2-1/2

[Event "29th Politiken Cup"]
[Site "Copenhagen DEN"]
[Date "2007.07.26"]
[Round "7"]
[White "Van Eijk,S"]
[Black "Carnstam,T"]
[Result "1-0"]
[WhiteElo "2274"]
[BlackElo "2091"]

1.e4 c5 2.Nf3 Nc6 3.Nc3 e5 4.Bc4 d6 5.d3 Be7 6.Nd5 Nf6 7.c3 O-O 8.O-O Nxd5
9.exd5 Na5 10.Bb5 a6 11.Ba4 b5 12.Bc2 f5 13.a4 Bd7 14.d4 e4 15.Ne1 cxd4 16.Qxd4 Nc4
17.f3 Bf6 18.Qf2 Re8 19.Qe2 exf3 20.Qxf3 Ne5 21.Qd1 Qb6+ 22.Kh1 Ng4 23.Nd3 Rac8
24.a5 Qa7 25.h3 Ne3 26.Bxe3 Qxe3 27.Qf3 Qxf3 28.Rxf3 Re2 29.Nb4 Rce8 30.Kg1 g6
31.Rf2 Bc8 32.Bd3 Rxf2 33.Kxf2 f4 34.Kf3 g5 35.Be4 h5 36.Nc6 Kg7 37.Nd4 Be5
38.Ne6+ Kf6 39.Rc1 Rg8 40.Kf2 g4 41.hxg4 Rxg4 42.Rh1 Bxe6 43.dxe6 Rg7 44.Rxh5 Kxe6
45.Rh6+ Bf6 46.Kf3 Ke5 47.Rh5+ Bg5 48.Bb7 Rxb7 49.Rxg5+ Kf6 50.Rd5 Ke6 51.Rd4 Rh7
52.Rxf4 Rh1 53.g4 Rh2 54.g5 Rxb2 55.g6 Rb1 56.g7 Rg1 57.Rg4 Rxg4 58.Kxg4 Kf7
59.Kf5 Kxg7 60.Ke6 Kf8 61.Kxd6 Ke8 62.Kc7 Ke7 63.Kb6 Kd6 64.Kxa6 Kc6 65.Ka7 Kc7
66.a6 Kc8 67.Kb6 Kb8 68.Kxb5 Kc7 69.c4 Kb8 70.c5 Kc7 71.a7 Kb7 72.a8=Q+  1-0

[Event "29th Politiken Cup"]
[Site "Copenhagen DEN"]
[Date "2007.07.26"]
[Round "7"]
[White "Skytte,R"]
[Black "Thomassen,J"]
[Result "1/2-1/2"]
[WhiteElo "2408"]
[BlackElo "2075"]

1.e4 c5 2.Nc3 Nc6 3.Nf3 e5 4.Bc4 Be7 5.d3 d6 6.O-O Nf6 7.Ng5 O-O 8.f4 Bg4
9.Qe1 exf4 10.Bxf4 Nd4 11.h3 Be6 12.Nxe6 fxe6 13.Qd2 Nh5 14.Be3 Bf6 15.Qd1  1/2-1/2

[Event "Open NK"]
[Site "Dieren NED"]
[Date "2007.07.26"]
[Round "3"]
[White "Bitalzadeh,A"]
[Black "Punt,R"]
[Result "1/2-1/2"]
[WhiteElo "2390"]
[BlackElo "2144"]

1.e4 c5 2.Nc3 Nc6 3.Bb5 Nd4 4.Bc4 d6 5.Nge2 g6 6.Nxd4 cxd4 7.Qf3 Nf6 8.Ne2 e5
9.c3 dxc3 10.dxc3 Bg7 11.Bg5 O-O 12.Rd1 h6 13.Bxf6 Bxf6 14.Qd3 Be7 15.f4 Qb6
16.f5 Kg7 17.Rf1 Bh4+ 18.g3 Be7 19.h4 Qc7 20.Bb3 b6 21.fxg6 Kxg6 22.Bxf7+ Kg7
23.Qf3 Be6 24.Bxe6 Rxf3 25.Rxf3 Rf8 26.Rxf8 Bxf8 27.Kd2 Qe7 28.Bd5 Qf6 29.Ke3 Kh8
30.Ng1 h5 31.Ke2 Bh6 32.Rf1 Qg7 33.Rf3 Qd7 34.Kf2 Qa4 35.Kg2 Qd1 36.Rf1 Qd3
37.Rf5 Be3 38.Nf3 Qe2+ 39.Kh3 Qf1+ 40.Kh2 Qf2+ 41.Kh3 Qf1+ 42.Kh2 Bf4 43.Rf8+ Kg7
44.Rg8+ Kh7 45.gxf4 Qxf3 46.f5 Qe2+ 47.Kh3 Qf3+  1/2-1/2

[Event "Najdorf Mem GpA"]
[Site "Grodzisk Mazowiecki POL"]
[Date "2007.07.26"]
[Round "7"]
[White "Llaneza Vega,M"]
[Black "Gasanov,E"]
[Result "0-1"]
[WhiteElo "2438"]
[BlackElo "2498"]

1.e4 c5 2.Nf3 Nc6 3.Nc3 d6 4.d4 cxd4 5.Nxd4 Nf6 6.Be3 Ng4 7.Bb5 Nxe3 8.fxe3 Bd7
9.O-O e6 10.Bxc6 bxc6 11.e5 Be7 12.exd6 Bxd6 13.Qh5 O-O 14.Ne4 Be7 15.Rad1 Qe8
16.Ng5 h6 17.Ngf3 c5 18.Ne2 Bb5 19.Rf2 Bxe2 20.Rxe2 Qb5 21.Rf2 Qxb2 22.Ne5 Bg5
23.Ng4 f5 24.h4 fxg4 25.Rxf8+ Rxf8 26.hxg5 Qxc2 27.Qxg4 Qf2+ 28.Kh1 Qxe3
29.g6 Qe5 30.Rc1 Rf5  0-1

[Event "Open NK"]
[Site "Dieren NED"]
[Date "2007.07.27"]
[Round "4"]
[White "Sengupta,D"]
[Black "Barendse,T"]
[Result "1-0"]
[WhiteElo "2435"]
[BlackElo "2219"]

1.e4 c5 2.Nc3 Nc6 3.Bb5 Nd4 4.Bc4 e6 5.Nf3 Ne7 6.Nxd4 cxd4 7.Ne2 Nc6 8.O-O Bc5
9.d3 O-O 10.a3 a6 11.b4 Ba7 12.Bb2 b5 13.Bb3 a5 14.f4 f5 15.exf5 Rxf5 16.Ng3 Ne7
17.Nxf5 Nxf5 18.Qf3 Rb8 19.Qh3 Ne3 20.f5 a4 21.Ba2 d5 22.fxe6 Qd6 23.Rf7 Rb7
24.Rxb7 Bxb7 25.Re1 Bc8 26.e7 Bd7 27.Qf3 Qxe7 28.Bxd5+ Kh8 29.Qf7 Qxf7 30.Bxf7 Bf5
31.h3 h6 32.Re2 Kh7 33.Be8 Nc4 34.Bc1 Nd6 35.Bc6  1-0

[Event "Open NK"]
[Site "Dieren NED"]
[Date "2007.07.28"]
[Round "5"]
[White "Spaan,N"]
[Black "Schenkeveld,Da"]
[Result "0-1"]
[WhiteElo "2178"]
[BlackElo "2085"]

1.e4 c5 2.Nf3 Nc6 3.Nc3 Nf6 4.d4 cxd4 5.Nxd4 e5 6.Ndb5 d6 7.Nd5 Nxd5 8.exd5 Nb8
9.c4 Be7 10.Be2 O-O 11.O-O a6 12.Nc3 f5 13.f4 Bf6 14.Kh1 Nd7 15.Be3 Qc7 16.Rc1 b6
17.b4 Bb7 18.Na4 Kh8 19.fxe5 Bxe5 20.Bd3 g6 21.Qf3 Rac8 22.Qf2 Qd8 23.Nxb6 Nxb6
24.Bxb6 Qg5 25.Be3 f4 26.Bd2 Rc7 27.Qf3 Qf6 28.Rfe1 Rg7 29.Bf1 g5 30.Bc3 g4
31.Bxe5 dxe5 32.Qe4 Rg5 33.c5 Rh5 34.Rc3 Qh4 35.h3 Bxd5 36.Qxd5 Qxe1 37.Qc4 f3
38.Rc1 fxg2+  0-1

[Event "Najdorf Mem GpA"]
[Site "Grodzisk Mazowiecki POL"]
[Date "2007.07.28"]
[Round "9"]
[White "Llaneza Vega,M"]
[Black "Czarnota,P"]
[Result "0-1"]
[WhiteElo "2438"]
[BlackElo "2575"]

1.e4 c5 2.Nf3 Nc6 3.Nc3 d6 4.d4 cxd4 5.Nxd4 Nf6 6.Nde2 g6 7.g3 Bg7 8.Bg2 O-O
9.O-O Rb8 10.a4 a6 11.Bg5 h6 12.Bd2 e6 13.h3 b5 14.axb5 axb5 15.Be3 b4 16.Na4 Qc7
17.Qd2 Kh7 18.f4 Rd8 19.g4 d5 20.e5 Ne4 21.Qd3 b3 22.c3 Ne7 23.Rfd1 Bd7 24.Bxe4 Bb5
25.c4 dxe4 26.Bb6 Qxb6+  0-1

[Event "Czech Open GMA"]
[Site "Pardubice CZE"]
[Date "2007.07.28"]
[Round "9"]
[White "Armbrust,F"]
[Black "Shevtsov,N"]
[Result "1/2-1/2"]
[WhiteElo "2300"]
[BlackElo "2400"]

1.e4 c5 2.Nc3 Nc6 3.Bb5 Nd4 4.Bc4 e6 5.Nf3 Ne7 6.Nxd4 cxd4 7.Ne2 Nc6 8.d3 Be7
9.O-O O-O 10.a3 a6 11.Ng3 d5 12.exd5 exd5 13.Ba2 Be6 14.f4 f5 15.Qe2 Qd7
16.Qf2 Bh4 17.b4 b5 18.Bb2 a5 19.bxa5 Rxa5 20.Bb3 Rfa8 21.Qf3 Bf7 22.Ne2 Bf6
23.Qf2 Qa7 24.Rfe1 Be7 25.Kf1 Bc5 26.Ng1 Bxa3 27.Bxa3 Rxa3 28.Rxa3 Qxa3 29.Nf3  1/2-1/2

[Event "Czech Open GMA"]
[Site "Pardubice CZE"]
[Date "2007.07.28"]
[Round "9"]
[White "Heberla,B"]
[Black "Grekh,A"]
[Result "1-0"]
[WhiteElo "2484"]
[BlackElo "2355"]

1.e4 c5 2.Nf3 Nc6 3.Nc3 d6 4.d4 cxd4 5.Nxd4 Nf6 6.Be2 e6 7.O-O Be7 8.Be3 O-O
9.f4 Qc7 10.Kh1 Nxd4 11.Qxd4 e5 12.Qd3 exf4 13.Bxf4 Be6 14.Qg3 Ne8 15.Bd3 Rd8
16.Nb5 Qc5 17.Be3 Qh5 18.Bxa7 b6 19.a4 Bf6 20.Rxf6 Nxf6 21.Bxb6 Ra8 22.Bd4 Ng4
23.Be2 Qg6 24.Nc7 Qxe4 25.Nxe6 Qxe2 26.Nxf8 Rxf8 27.Re1 Qd2 28.Bc3  1-0

[Event "TIPC"]
[Site "Charleroi BEL"]
[Date "2007.07.29"]
[Round "3"]
[White "Vandevoort,P"]
[Black "Van der Stricht,G"]
[Result "1-0"]
[WhiteElo "2364"]
[BlackElo "2430"]

1.e4 c5 2.Nc3 Nc6 3.Nge2 e5 4.Ng3 Nf6 5.Bc4 Be7 6.d3 d6 7.O-O O-O 8.f4 Bg4
9.Qd2 exf4 10.Rxf4 Be6 11.Nf5 Ne5 12.Qe2 Re8 13.Bd2 Ng6 14.Rf3 d5 15.exd5 Nxd5
16.Bxd5 Bxd5 17.Rh3 Bf6 18.Qh5 Kf8 19.Qxh7 Ne7 20.Nxg7 Bd4+ 21.Kh1 Bxg7 22.Bh6 Bxg2+
23.Kxg2 Qd4 24.Rg3 Ng6 25.Rxg6 fxg6 26.Rf1+  1-0

[Event "29th Politiken Cup"]
[Site "Copenhagen DEN"]
[Date "2007.07.29"]
[Round "10"]
[White "Aabling Thomsen,J"]
[Black "Soraas,T"]
[Result "1-0"]
[WhiteElo "2241"]
[BlackElo "2155"]

1.e4 c5 2.Nf3 Nc6 3.Nc3 g6 4.Bb5 Bg7 5.O-O Nd4 6.Nxd4 cxd4 7.Ne2 e6 8.c3 dxc3
9.Nxc3 Ne7 10.d4 a6 11.Ba4 b5 12.Bb3 d5 13.exd5 Nxd5 14.Nxd5 exd5 15.a4 Be6
16.Bd2 Bxd4 17.axb5 Bxb2 18.Ra2 Be5 19.Qe1 Qb8 20.Bb4 Bxh2+ 21.Kh1 Bd6 22.Bxd5 Bxb4
23.Bc6+ Kf8 24.Qxb4+ Kg7 25.Qd4+ Kh6 26.Ra4 Qd8 27.Qe3+ Kg7 28.Bxa8 axb5
29.Qe5+ Qf6 30.Qxf6+ Kxf6 31.Ra6 Ke5 32.Re1+ Kd4 33.Bf3 Rb8 34.Re4+ Kc3 35.Ra3+ Kb2
36.Rd3 Rc8 37.Rb4+ Kc2 38.Re3 Bc4 39.Be4+ Kc1  1-0

[Event "12th Open"]
[Site "Creon FRA"]
[Date "2007.07.30"]
[Round "1"]
[White "Mace,E"]
[Black "Saucey,M"]
[Result "0-1"]
[WhiteElo "1955"]
[BlackElo "2347"]

1.e4 c5 2.Nc3 Nc6 3.Nf3 g6 4.g3 Bg7 5.Bg2 e5 6.Nd5 Nge7 7.Nxe7 Qxe7 8.O-O d6
9.c3 O-O 10.Qc2 f5 11.d3 f4 12.gxf4 Bg4 13.Ne1 exf4 14.f3 Be6 15.Kh1 b5 16.Rg1 d5
17.Bf1 d4 18.Bd2 dxc3 19.bxc3 b4 20.Rc1 bxc3 21.Bxc3 Nd4 22.Qg2 Rac8 23.Ba1 Qf7
24.a3 Bf6 25.Rd1 Qd7 26.Bb2 Rb8 27.Bc1 Bb3 28.Rd2 Bh4 29.Be2 Be6 30.Qf1 Nb3
31.Rc2 Bf6 32.Bxf4 Bh3 33.Qf2 Rbc8 34.e5 Be7 35.Bh6 Rf5 36.Be3 Rxe5 37.f4 Rd5
38.Nf3 Rf8 39.Qg3 Qe6 40.Ng5 Bxg5 41.fxg5 Re5 42.Re1 Rxe3 43.d4 Qe4+  0-1

[Event "Sun Pawn Open"]
[Site "Ilichevsk UKR"]
[Date "2007.07.30"]
[Round "10"]
[White "Khaetsky,R"]
[Black "Nyzhnyk,I"]
[Result "1/2-1/2"]
[WhiteElo "2379"]
[BlackElo "2341"]

1.e4 c5 2.Nc3 Nc6 3.Bb5 Nd4 4.Bc4 e6 5.Nf3 Nxf3+ 6.Qxf3 d6 7.O-O Nf6 8.Qg3 a6
9.d3 b5 10.Bb3 Bb7 11.f4 Qb6 12.Kh1 b4 13.Ba4+ Bc6 14.Bxc6+ Qxc6 15.Ne2 d5
16.e5 Nd7 17.a3 bxa3 18.b3 a5 19.Bxa3 a4 20.bxa4 Rxa4 21.Bb2 Rxa1 22.Rxa1 g6
23.f5 d4 24.f6 Bh6 25.c3 Qb7 26.Bc1 Bxc1 27.Rxc1 Qb2 28.Qf3 dxc3 29.Rxc3 Qa1+
30.Rc1 Qxe5 31.Qa8+ Qb8 32.Qa4 Qb2 33.d4 O-O 34.Qxd7 c4 35.Rxc4 Qxe2 36.Rc1 Qd2
37.Rf1 Qe2 38.Rb1 Qc2  1/2-1/2

[Event "Open NK"]
[Site "Dieren NED"]
[Date "2007.07.31"]
[Round "7"]
[White "Van Assendelft,F"]
[Black "Hendriks,W"]
[Result "1/2-1/2"]
[WhiteElo "2297"]
[BlackElo "2420"]

1.e4 c5 2.Nf3 Nc6 3.Nc3 g6 4.d4 cxd4 5.Nxd4 Bg7 6.Be3 Nf6 7.Bc4 O-O 8.Bb3 d6
9.f3 Bd7 10.Qd2 Nxd4 11.Bxd4 b5 12.h4 a5 13.a4 bxa4 14.Nxa4 Be6 15.Bxe6 fxe6
16.h5 Nxh5 17.Bxg7 Kxg7 18.g4 Nf4 19.Qh2 h5 20.gxh5 Nxh5 21.O-O-O Qe8 22.Nc3 Qf7
23.e5 d5 24.Nb5 Qf4+ 25.Qxf4 Nxf4 26.Rh4 Ra6 27.Rdh1 Nh5 28.Rg1 Rf5 29.Nd4 Rxe5
30.Rhg4 Nf6 31.Rxg6+ Kf8 32.Kd2 Rh5 33.R6g2 e5 34.Ne2 Rf5 35.Rg3 Ke8 36.Ra1 Rh5
37.Ra4 e4 38.f4 Rb6 39.b3 Rb5 40.c4 dxc4 41.Rxc4 Rh2 42.Kd1 Kf7 43.Nd4 Rbh5
44.Ne2 Rf2 45.Ke1 Rhh2 46.Re3 Rf3 47.Rcc3 Rh1+ 48.Kd2 Rhh3 49.Nd4 Rh2+ 50.Re2 Rxe2+
51.Nxe2 Kg6 52.Rc5 Rxb3 53.Rxa5 Rd3+ 54.Ke1 Rf3 55.Re5 Kf7 56.Kd2 Ke8 57.Nc3 Rxf4
58.Ke3 Rf3+ 59.Kd4 Rd3+ 60.Kc4 Rh3 61.Nxe4 Nxe4 62.Rxe4 Kf7 63.Kd5 Rh6 64.Rf4+ Rf6
65.Ra4 Rf5+ 66.Ke4 Rh5 67.Ra7 Kf6 68.Ra8 Rh4+ 69.Kf3 Rb4 70.Ra5 e6 71.Ke3 Rb1
72.Ke4 Re1+ 73.Kf3 Rd1 74.Ke4 Rh1 75.Rb5 Rh4+ 76.Ke3 e5 77.Rb8 Ra4 78.Rf8+ Ke6
79.Re8+ Kd5 80.Rd8+  1/2-1/2

[Event "94th ch-GBR"]
[Site "Great Yarmouth ENG"]
[Date "2007.07.31"]
[Round "2"]
[White "Constantinou,P"]
[Black "Wu,L"]
[Result "0-1"]
[WhiteElo "2173"]
[BlackElo "2314"]

1.e4 c5 2.Nc3 Nc6 3.Bb5 Nd4 4.Bc4 a6 5.d3 e6 6.Nge2 b5 7.Bb3 Nxb3 8.axb3 Bb7
9.O-O Qc7 10.f4 Nf6 11.f5 b4 12.Nb1 Bd6 13.Bf4 exf5 14.exf5 g5 15.Bxd6 Qxd6
16.Qe1 O-O-O 17.Nd2 Qc6 18.Qg3 Rde8 19.Rae1 Re3 20.Rf3 Rhe8 21.Kf1 Rxf3+
22.gxf3 d5 23.Qxg5 Rg8 24.Qh4 d4 25.Nf4 Nd5 26.Nxd5 Qxd5 27.Qxh7 Qd8 28.Ne4 Bxe4
29.Rxe4 Qg5 30.Rg4 Qc1+ 31.Kg2 Rxg4+ 32.fxg4 Qxc2+ 33.Kh3 Qxd3+ 34.Kh4 Qxb3
35.g5 d3 36.g6 fxg6 37.fxg6 d2 38.g7 d1=Q 39.g8=Q+ Qxg8 40.Qxg8+ Kc7 41.b3 Qd8+  0-1

[Event "FIDE Cup"]
[Site "Olomouc CZE"]
[Date "2007.08.02"]
[Round "2"]
[White "Cagasik,T"]
[Black "Sonter,M"]
[Result "1-0"]
[WhiteElo "2238"]
[BlackElo "2183"]

1.e4 c5 2.Nc3 Nc6 3.Bb5 Nd4 4.Bc4 Nf6 5.Nf3 d6 6.e5 dxe5 7.Nxe5 e6 8.O-O Bd6
9.Nf3 a6 10.a4 Qc7 11.h3 b6 12.d3 Bb7 13.Ne4 Nxe4 14.dxe4 Bxe4 15.Nxd4 cxd4
16.Qxd4 Qc6 17.Rd1 O-O-O 18.Bxa6+ Kb8 19.Bb5 Qb7 20.Qc4 Bc7 21.Rxd8+ Rxd8
22.Qf1 Bxc2 23.Be3 f5 24.Ba6 Qd5 25.a5 bxa5 26.Qe2 Qd1+ 27.Rxd1 Rxd1+ 28.Qxd1 Bxd1
29.Bc4 e5 30.Bd2 a4 31.Bc3 g5 32.Kf1 Ka7 33.Ke1 Bb3 34.Bxb3 axb3 35.Kd2 Kb6
36.Kd3 Kc5 37.Bd2 e4+ 38.Ke2 f4 39.Bc3 Bd8 40.f3 Kd5 41.Bg7 h5 42.Kd2 Ba5+
43.Ke2 Bd8 44.Kd2 exf3  1-0

[Event "Proclient Cup IMA"]
[Site "Olomouc CZE"]
[Date "2007.08.02"]
[Round "2"]
[White "Tuma,J"]
[Black "Krupa,M"]
[Result "1-0"]
[WhiteElo "2292"]
[BlackElo "2258"]

1.e4 c5 2.Ne2 Nc6 3.Nbc3 Nf6 4.g3 e5 5.Bg2 a6 6.O-O b5 7.Nd5 Nxd5 8.exd5 Nb8
9.c3 d6 10.d4 exd4 11.cxd4 c4 12.a4 Bb7 13.axb5 axb5 14.Rxa8 Bxa8 15.Nc3 Qd7
16.Re1+ Kd8 17.Bg5+ f6 18.Qa1 Bb7 19.Qa5+ Kc8 20.Bh3  1-0

[Event "Jihlavanka Cup GMB"]
[Site "Olomouc CZE"]
[Date "2007.08.02"]
[Round "2"]
[White "Hasangatin,R"]
[Black "Mankeyev,Raua"]
[Result "1/2-1/2"]
[WhiteElo "2476"]
[BlackElo "2402"]

1.e4 c5 2.Nc3 Nc6 3.Bb5 Nd4 4.Bc4 e6 5.Nge2 Nf6 6.e5 Ng4 7.Nxd4 Nxe5 8.Nxe6 dxe6
9.Bb5+ Bd7 10.Bxd7+ Qxd7 11.d3 Be7 12.O-O O-O 13.Be3 Rac8 14.Re1  1/2-1/2

[Event "94th ch-GBR"]
[Site "Great Yarmouth ENG"]
[Date "2007.08.03"]
[Round "5"]
[White "Haslinger,S"]
[Black "White,Mi"]
[Result "1-0"]
[WhiteElo "2468"]
[BlackElo "2246"]

1.e4 c5 2.Nf3 Nc6 3.Nc3 Nf6 4.Bb5 Qc7 5.O-O Nd4 6.d3 a6 7.Ba4 b5 8.Bb3 Nxb3
9.axb3 Bb7 10.e5 Nd5 11.Ne4 f5 12.exf6 Nxf6 13.Nfg5 Nxe4 14.Nxe4 O-O-O 15.Qh5 Bxe4
16.dxe4 Qc6 17.Be3 e6 18.Bg5 g6 19.Qh4 Re8 20.Bf6 Rg8 21.Qxh7 Bd6 22.e5 Bc7
23.Rfd1 a5 24.f3 b4 25.Rd2 c4 26.Rad1 cxb3 27.cxb3 Qc5+ 28.Kh1 Bxe5 29.Qxd7+ Kb8
30.Bxe5+ Qxe5 31.Rd6 Qc5 32.Rc6 Qa7 33.Qd6+  1-0

[Event "94th ch-GBR"]
[Site "Great Yarmouth ENG"]
[Date "2007.08.03"]
[Round "5"]
[White "Rendle,T"]
[Black "Arakhamia,K"]
[Result "1/2-1/2"]
[WhiteElo "2416"]
[BlackElo "2418"]

1.e4 c5 2.Nc3 Nc6 3.Bb5 Nd4 4.Bc4 g6 5.Nf3 Bg7 6.Nxd4 cxd4 7.Qf3 Nh6 8.Ne2 O-O
9.O-O Ng4 10.Bb3 d6 11.Qg3 a5 12.a4 Nf6 13.Qd3 e5 14.f4 d5 15.exd5 Bf5 16.Qb5 Ne4
17.Ng3 Nd6 18.Qe2 d3 19.Qd1 exf4 20.Nxf5 Nxf5 21.c3 Qb6+ 22.Kh1 Rac8 23.Ba2 Rfe8
24.Qf3 Re5 25.Qxf4 Rce8 26.Qf3 Re1 27.Bc4 Rxf1+ 28.Qxf1 Re5 29.g3 Qc5 30.b3 Rxd5
31.Ba3 Qc6 32.Bxd5 Qxd5+ 33.Qg2 Qxb3 34.Qe4 h5 35.Qe8+ Kh7 36.Qb5 Qc2 37.Qb2 Qxa4
38.Qxb7 Qc2 39.Qb2 Qa4 40.Qb7 Qc2 41.Qb2 Qa4 42.Qb7  1/2-1/2

[Event "Open"]
[Site "Olomouc CZE"]
[Date "2007.08.03"]
[Round "2"]
[White "Jurcik,Mart"]
[Black "Frisk,E"]
[Result "1-0"]
[WhiteElo "2324"]
[BlackElo "2032"]

1.e4 c5 2.Nc3 Nc6 3.Nge2 g6 4.d4 cxd4 5.Nxd4 Bg7 6.Be3 Nf6 7.Bc4 d6 8.f3 Bd7
9.Qd2 Rc8 10.Bb3 Qa5 11.O-O-O h5 12.h3 Ne5 13.g4 Nc4 14.Bxc4 Rxc4 15.Kb1 a6
16.Nb3 Qd8 17.e5 dxe5 18.g5 Nh7 19.Nd5 Nf8 20.Na5 Rd4 21.Bxd4 exd4 22.Nxb7 Qb8
23.Qb4 Qe5 24.Rhe1  1-0

[Event "94th ch-GBR"]
[Site "Great Yarmouth ENG"]
[Date "2007.08.04"]
[Round "6"]
[White "Roberson,P"]
[Black "Snape,I"]
[Result "1/2-1/2"]
[WhiteElo "2209"]
[BlackElo "2255"]

1.e4 c5 2.Nc3 Nc6 3.Bb5 Nd4 4.Bc4 g6 5.Nf3 Bg7 6.Nxd4 cxd4 7.Qf3 Nh6 8.Ne2 O-O
9.Bb3 Qb6 10.d3 a5 11.a4 Kh8 12.O-O d5 13.Bxh6 Bxh6 14.exd5 e6 15.dxe6 Bxe6
16.Bxe6 fxe6 17.Qe4 Rad8 18.c4 Rd7 19.Qe5+ Bg7 20.Qb5 Qc7 21.Ng3 Be5 22.Rae1 Bxg3
23.fxg3 Rxf1+ 24.Rxf1 Kg7 25.Qg5 Rf7 26.Rxf7+ Qxf7 27.Qxa5 Kf6 28.Qd8+ Ke5
29.Qg5+ Kd6 30.Qf4+ Qxf4 31.gxf4 Kc5 32.Kf2 Kb4 33.Ke2 Kxa4 34.Kd2 Kb3 35.Kc1 h5
36.h4 Ka4 37.Kc2 Kb4 38.Kb1 Kb3 39.Kc1 Kb4 40.Kc2 Ka4 41.Kd2 Kb3 42.Kc1  1/2-1/2

[Event "Open"]
[Site "Olomouc CZE"]
[Date "2007.08.04"]
[Round "3"]
[White "Pozin,S"]
[Black "Volodin,V"]
[Result "1-0"]
[WhiteElo "2450"]
[BlackElo "2254"]

1.e4 c5 2.Nc3 Nc6 3.Nf3 e5 4.Bc4 Be7 5.d3 d6 6.O-O Nf6 7.Ng5 O-O 8.f4 exf4
9.Bxf4 h6 10.Nf3 Be6 11.Nd5 Bxd5 12.Bxd5 Nxd5 13.exd5 Ne5 14.Bxe5 dxe5 15.c4 Bd6
16.g4 f5 17.gxf5 Rxf5 18.Qe2 Rf4 19.Nd2 Qg5+ 20.Kh1 Raf8 21.Ne4 Qd8 22.Rg1 R8f5
23.Rg6 Bf8 24.Rag1 Rh4 25.Qg2 Rf7 26.Nd6  1-0

[Event "Jihlavanka Cup GMB"]
[Site "Olomouc CZE"]
[Date "2007.08.04"]
[Round "5"]
[White "Kanovsky,D"]
[Black "Sluka,R"]
[Result "0-1"]
[WhiteElo "2410"]
[BlackElo "2354"]

1.e4 c5 2.Nf3 Nc6 3.Nc3 g6 4.d4 cxd4 5.Nxd4 Bg7 6.Nde2 d6 7.g3 h5 8.h3 Bd7
9.Bg2 Qc8 10.Nd5 Nf6 11.c3 Nxd5 12.exd5 Ne5 13.a4 O-O 14.f4 Nc4 15.b3 Nb6
16.Bd2 e6 17.dxe6 Bxe6 18.c4 Bxa1 19.Qxa1 Re8 20.Kf2 Nd7 21.Qd4 Qc5 22.Be3 Qxd4
23.Nxd4 Nc5 24.a5 a6 25.Rd1 Bd7 26.Ne2 Bc6 27.Bxc6 bxc6 28.b4 Ne4+ 29.Kf3 c5
30.Rb1 f5 31.Nc1 d5 32.bxc5 d4  0-1

[Event "Open"]
[Site "Dubna RUS"]
[Date "2007.08.05"]
[Round "2"]
[White "Larina,M"]
[Black "Mikhailov,St"]
[Result "1-0"]
[WhiteElo "2092"]
[BlackElo "1990"]

1.e4 c5 2.Nf3 Nc6 3.Nc3 d6 4.d4 cxd4 5.Nxd4 e5 6.Nf3 Be7 7.Bc4 Nf6 8.Bg5 O-O
9.O-O Bg4 10.Bxf6 Bxf6 11.Be2 Ne7 12.Qd2 Ng6 13.Rad1 Be7 14.Nd5 Rc8 15.c3 Rc6
16.Ne3 Be6 17.Ne1 Nf4 18.Bf3 Bg5 19.b3 Qa5 20.c4 Qc7 21.N1c2 a5 22.g3 Ng6
23.Na3 Rd8 24.Qe2 Bxe3 25.Qxe3 Qe7 26.Nb5 a4 27.Rd2 axb3 28.axb3 h6 29.Rfd1 Bh3
30.Rd3 Qf6 31.Bg2 Bxg2 32.Kxg2 h5 33.c5 h4 34.Nxd6 b6 35.b4 bxc5 36.bxc5 Qe6
37.h3 Ra8 38.Nf5 hxg3 39.Rd8+ Rxd8 40.Rxd8+ Kh7 41.fxg3 Qa2+ 42.Rd2 Qc4 43.Qf3 Qxc5
44.Qh5+ Kg8 45.Qg5 Rc8 46.h4 Qa5 47.Rf2 Qe1 48.Qe3 Qxe3 49.Nxe3 Ne7 50.Rd2 f6
51.Rd7 Kf8 52.Kf3 Rc3 53.Kf2 Ra3 54.h5 Ra2+ 55.Kf3 Rh2 56.g4 Rh3+ 57.Kf2 Rh2+
58.Kg3 Ra2 59.Rd6 Kf7 60.Rb6 Ra3 61.Kf3 Rc3 62.Ke2 Ra3 63.Nc4 Ra2+ 64.Kf3 Ra8
65.Kg3 Kf8 66.Kh4 Rd8 67.g5 Rd4 68.Nd6 fxg5+ 69.Kxg5 g6 70.h6  1-0

[Event "Open"]
[Site "Kavala GRE"]
[Date "2007.08.05"]
[Round "2"]
[White "Kolev,At1"]
[Black "Zakarian,D"]
[Result "1-0"]
[WhiteElo "2569"]
[BlackElo "2344"]

1.e4 c5 2.Nf3 Nc6 3.Nc3 d6 4.d4 cxd4 5.Nxd4 e5 6.Nf3 Be7 7.Bc4 Nf6 8.O-O O-O
9.Bg5 Be6 10.Bb3 a5 11.Bxf6 Bxf6 12.Qd3 Nb4 13.Qd2 Qb6 14.Rfd1 Be7 15.h3 h6
16.Qe2 Rac8 17.a3 Nxc2 18.Bxe6 Rxc3 19.bxc3 Nxa1 20.Bd5 Nb3 21.Qa2 Nc5 22.Rb1 Qc7
23.Nd2 a4 24.Qc4 Bg5 25.Rxb7 Qd8 26.Rxf7 Rxf7 27.Bxf7+ Kf8 28.Nf3 Qf6 29.Bd5 Qf4
30.Nxg5 Qc1+ 31.Qf1 Qxg5 32.Qb1 Ke7 33.g3 Qd2 34.Qb6 Ne6 35.Qa7+ Kf6 36.Qd7  1-0

[Event "Valoz Cup GMA"]
[Site "Olomouc CZE"]
[Date "2007.08.05"]
[Round "7"]
[White "Vorobiov,E"]
[Black "Rogule,L"]
[Result "1-0"]
[WhiteElo "2572"]
[BlackElo "2316"]

1.e4 c5 2.Nc3 Nc6 3.Nf3 Nf6 4.d4 cxd4 5.Nxd4 e6 6.Ndb5 Bb4 7.a3 Bxc3+ 8.Nxc3 d5
9.exd5 exd5 10.Bd3 O-O 11.O-O d4 12.Ne2 Qb6 13.b4 a6 14.Bb2 Rd8 15.h3 Be6
16.Re1 Rd6 17.Nf4 Rc8 18.Qf3 Bd7 19.Nh5 Nxh5 20.Qxh5 h6 21.Re2 Be6 22.Qh4 Qd8
23.Be4 g6 24.Qf4 h5 25.Rae1 Qd7 26.Qh6 Ne7 27.Bc1 Rd5 28.Bf4 Nf5 29.Bxf5 Rxf5
30.Rxe6 fxe6 31.Qxg6+ Kh8 32.Be5+  1-0